[Event "Mecklenburg VP Verbandsliga 2223"]
[Site "Mecklenburg VP"]
[Date "2023.04.23"]
[Round "8.1"]
[White "Stoevesand, Eric"]
[Black "Schmidt, Peter2"]
[Result "1-0"]
[WhiteElo "1910"]
[BlackElo "2109"]
[PlyCount "89"]
[EventDate "2022.10.23"]
[EventType "team-tourn"]
[EventRounds "9"]
[EventCountry "GER"]
[SourceTitle "EXT 2024"]
[Source "ChessBase"]
[SourceDate "2023.10.10"]
[SourceVersion "1"]
[SourceVersionDate "2023.10.10"]
[SourceQuality "1"]
[WhiteTeam "Neubrandenburg SG Eintracht"]
[BlackTeam "Rostock SSC 07"]
[WhiteTeamCountry "GER"]
[BlackTeamCountry "GER"]

1. e4 g6 2. d4 d6 3. Be3 Bg7 4. Qd2 Nd7 5. Nc3 a6 6. f4 b5 7. Nf3 Bb7 8. Bd3 c5 9. a4 b4 10. Nd1 Ngf6 11. Nf2 0-0 12. c3 bxc3 13. bxc3 e6 14. 0-0 Qc7 15. g4 Rfc8 16. Ra2 cxd4 17. cxd4 Qc3 18. Qe2 Qa5 19. Bd2 Qb6 20. Rb1 Qa7 21. Be3 d5 22. e5 Ne8 23. f5 Rc7 24. h4 Nb6 25. h5 exf5 26. hxg6 fxg6 27. gxf5 gxf5 28. Bxf5 Bc8 29. Bd3 Nc4 30. Bc1 Rb8 31. Rxb8 Qxb8 32. Bf4 Rc6 33. Rc2 Qb4 34. Nd2 Qxa4 35. Qh5 Kf8 36. Nxc4 dxc4 37. Bxh7 Qa1+ 38. Kg2 Qxd4 39. Qf3 Qd7 40. Bg5+ Qf7 41. Qa3+ Nd6 42. exd6 Qd5+ 43. Ne4 Bd4 44. d7+ Kg7 45. Qe7+ 1-0

[Event "Mecklenburg VP Verbandsliga 2223"]
[Site "Mecklenburg VP"]
[Date "2023.03.19"]
[Round "7.1"]
[White "Kist, Eike Andreas"]
[Black "Stoevesand, Eric"]
[Result "1/2-1/2"]
[WhiteElo "1697"]
[BlackElo "1910"]
[PlyCount "104"]
[EventDate "2022.10.23"]
[EventType "team-tourn"]
[EventRounds "9"]
[EventCountry "GER"]
[SourceTitle "EXT 2024"]
[Source "ChessBase"]
[SourceDate "2023.10.10"]
[SourceVersion "1"]
[SourceVersionDate "2023.10.10"]
[SourceQuality "1"]
[WhiteTeam "Think Rochade"]
[BlackTeam "Neubrandenburg SG Eintracht"]
[WhiteTeamCountry "GER"]
[BlackTeamCountry "GER"]

1. e4 e5 2. Nf3 Nc6 3. Bc4 Bc5 4. c3 Nf6 5. d3 d6 6. a4 a6 7. 0-0 Ba7 8. Bb3 h6 9. Bc2 0-0 10. h3 Ne7 11. d4 Ng6 12. Be3 Re8 13. Nbd2 c6 14. Nc4 Be6 15. b3 Qc7 16. dxe5 Bxc4 17. exd6 Qa5 18. bxc4 Bxe3 19. fxe3 Qxc3 20. Qd3 Qxd3 21. Bxd3 c5 22. Rab1 Rad8 23. Rb6 Re6 24. e5 Nxe5 25. Nxe5 Rxe5 26. Rd1 Rxe3 27. Kf2 Re6 28. Bf5 Re5 29. Bb1 Rd7 30. Kf3 g6 31. Rd2 Ne8 32. Be4 Re6 33. Bxb7 Rf6+ 34. Ke2 Rfxd6 35. Rdxd6 Rxd6 36. Rxd6 Nxd6 37. Bxa6 Kf8 38. Bb5 Nb7 39. Kd3 Ke7 40. Bc6 Na5 41. Bd5 f5 42. Ke3 Kf6 43. g3 Ke5 44. h4 g5 45. hxg5 hxg5 46. Bg8 Nc6 47. Bd5 f4+ 48. gxf4+ gxf4+ 49. Kf3 Na5 50. Bg8 Nb3 51. Bd5 Na5 52. Bg8 Nb3 1/2-1/2

[Event "Mecklenburg VP Verbandsliga 2122"]
[Site "Mecklenburg VP"]
[Date "2021.11.07"]
[Round "2.3"]
[White "Stoevesand, Eric"]
[Black "Bress, Aaron"]
[Result "0-1"]
[WhiteElo "1910"]
[BlackElo "1814"]
[PlyCount "78"]
[EventDate "2021.10.24"]
[EventType "team-tourn"]
[EventRounds "9"]
[EventCountry "GER"]
[SourceTitle "EXT 2024"]
[Source "ChessBase"]
[SourceDate "2023.10.10"]
[SourceVersion "1"]
[SourceVersionDate "2023.10.10"]
[SourceQuality "1"]
[WhiteTeam "Neubrandenburg SG Eintracht"]
[BlackTeam "Torgelow Droegeheide"]
[WhiteTeamCountry "GER"]
[BlackTeamCountry "GER"]

1. e4 c6 2. d4 d5 3. f3 g6 4. Nc3 Bg7 5. Be3 dxe4 6. fxe4 Nf6 7. Nf3 0-0 8. Qd2 b5 9. Bd3 Na6 10. 0-0 Ng4 11. e5 Nxe3 12. Qxe3 Nb4 13. Be4 Bf5 14. Bxf5 gxf5 15. Rac1 e6 16. a3 Nd5 17. Nxd5 Qxd5 18. Rcd1 a5 19. Rd3 Rac8 20. Qg5 c5 21. c3 b4 22. axb4 axb4 23. g4 Qe4 24. Re3 Qxg4+ 25. Qxg4 fxg4 26. Ng5 cxd4 27. cxd4 Rc4 28. Rd3 h6 29. Ne4 Bxe5 30. Nf6+ Bxf6 31. Rxf6 Kg7 32. Rf4 f5 33. Kg2 Rfc8 34. Kg3 Kf6 35. Rb3 Kg5 36. Re3 R8c6 37. h3 gxh3 38. Rh4 h2 39. Re2 Rxd4 0-1

[Event "Mecklenburg VP LL2 Ost 1819"]
[Site "Mecklenburg VP"]
[Date "2019.01.20"]
[Round "5.2"]
[White "Markovych, Illya"]
[Black "Stoevesand, Eric"]
[Result "1/2-1/2"]
[WhiteElo "1899"]
[BlackElo "1975"]
[PlyCount "70"]
[EventDate "2018.10.21"]
[EventType "team-tourn"]
[EventRounds "9"]
[EventCountry "GER"]
[SourceTitle "EXT 2022"]
[Source "ChessBase"]
[SourceDate "2021.10.06"]
[SourceVersion "1"]
[SourceVersionDate "2021.10.06"]
[SourceQuality "1"]
[WhiteTeam "Rostock Makkabi"]
[BlackTeam "Neubrandenburg SG Eintracht"]
[WhiteTeamCountry "GER"]
[BlackTeamCountry "GER"]

1. e4 e5 2. Nf3 Nc6 3. Bb5 a6 4. Bxc6 bxc6 5. Nxe5 Qg5 6. d4 Qxg2 7. Qf3 Qxf3 8. Nxf3 Nf6 9. 0-0 Bb7 10. Bf4 0-0-0 11. Ng5 Re8 12. Nd2 Nh5 13. Be3 f6 14. Nh3 g5 15. Rfe1 h6 16. f3 Ng7 17. a3 Rg8 18. Nf2 f5 19. Nd3 f4 20. Bf2 Ne6 21. h3 h5 22. Kf1 Bh6 23. c4 g4 24. hxg4 hxg4 25. fxg4 Rxg4 26. d5 Ng5 27. Bd4 f3 28. Ne5 Rh4 29. Ndxf3 Nxf3 30. Nxf3 Rf4 31. Kf2 Ref8 32. Re3 cxd5 33. cxd5 Bxd5 34. Rh1 Bxe4 35. Rxh6 Rxf3+ 1/2-1/2

[Event "Mecklenburg VP LL2 Ost 1819"]
[Site "Mecklenburg VP"]
[Date "2018.11.25"]
[Round "3.2"]
[White "Dupke, Andreas"]
[Black "Stoevesand, Eric"]
[Result "0-1"]
[WhiteElo "1748"]
[BlackElo "1975"]
[PlyCount "90"]
[EventDate "2018.10.21"]
[EventType "team-tourn"]
[EventRounds "9"]
[EventCountry "GER"]
[SourceTitle "EXT 2022"]
[Source "ChessBase"]
[SourceDate "2021.10.06"]
[SourceVersion "1"]
[SourceVersionDate "2021.10.06"]
[SourceQuality "1"]
[WhiteTeam "Neubrandenburg SG Eintracht II"]
[BlackTeam "Neubrandenburg SG Eintracht"]
[WhiteTeamCountry "GER"]
[BlackTeamCountry "GER"]

1. e4 e5 2. Nf3 Nc6 3. Bb5 a6 4. Ba4 Nf6 5. 0-0 b5 6. Bb3 Be7 7. c3 0-0 8. h3 d5 9. exd5 Nxd5 10. Re1 Bf6 11. d3 Bf5 12. Bc2 Re8 13. Nbd2 b4 14. c4 Nf4 15. Ne4 b3 16. axb3 Nb4 17. Bxf4 exf4 18. Nxf6+ Qxf6 19. Rxe8+ Rxe8 20. Ra5 Qxb2 21. Rxf5 Nxc2 22. Re5 Rd8 23. Re2 Qa1 24. Qxa1 Nxa1 25. Ra2 Nxb3 26. Rxa6 f6 27. Ne1 Rd6 28. Rxd6 cxd6 29. Kf1 Kf7 30. Ke2 Ke6 31. Kd1 Nd4 32. Nc2 Ke5 33. Nb4 g5 34. Kd2 f5 35. f3 h5 36. Nc2 Nxc2 37. Kxc2 Kd4 38. Kd2 g4 39. h4 g3 40. Kc2 Ke3 41. Kc3 Kf2 42. d4 Kxg2 43. c5 dxc5 44. dxc5 Kxf3 45. c6 g2 0-1

[Event "Mecklenburg VP LL2 Ost 1819"]
[Site "Mecklenburg VP"]
[Date "2018.11.11"]
[Round "2.3"]
[White "Jabbusch, Burkhard"]
[Black "Stoevesand, Eric"]
[Result "0-1"]
[WhiteElo "1631"]
[BlackElo "1975"]
[PlyCount "74"]
[EventDate "2018.10.21"]
[EventType "team-tourn"]
[EventRounds "9"]
[EventCountry "GER"]
[SourceTitle "EXT 2022"]
[Source "ChessBase"]
[SourceDate "2021.10.06"]
[SourceVersion "1"]
[SourceVersionDate "2021.10.06"]
[SourceQuality "1"]
[WhiteTeam "Stralsund FHSG II"]
[BlackTeam "Neubrandenburg SG Eintracht"]
[WhiteTeamCountry "GER"]
[BlackTeamCountry "GER"]

1. f4 d5 2. e3 c5 3. Nf3 Nc6 4. d4 e6 5. Be2 b6 6. 0-0 Nge7 7. c3 g6 8. Bd3 Bg7 9. Qe2 0-0 10. Ne5 Bb7 11. g4 f6 12. Nxc6 Nxc6 13. Nd2 e5 14. dxe5 fxe5 15. e4 exf4 16. exd5 Ne5 17. c4 Qh4 18. Nf3 Qxg4+ 19. Kh1 Rae8 20. Nxe5 Qxe2 21. Bxe2 Rxe5 22. Bf3 g5 23. h3 Bc8 24. Kg2 Bf5 25. Rd1 Rfe8 26. Bh5 R8e7 27. Bf3 Re8 28. a4 a5 29. Ra3 Be4 30. Rb3 Bc2 31. Rxb6 Bxd1 32. Bxd1 Re1 33. Bh5 f3+ 34. Kxf3 Rf8+ 35. Kg2 Rxc1 36. Rb5 Rc2+ 37. Kg3 Be5+ 0-1

[Event "Mecklenburg VP VL 1516"]
[Site "Mecklenburg VP"]
[Date "2015.09.20"]
[Round "1.1"]
[White "Ispirjan, Mikael"]
[Black "Stoevesand, Eric"]
[Result "0-1"]
[WhiteElo "1992"]
[BlackElo "1953"]
[PlyCount "54"]
[EventDate "2015.09.20"]
[EventType "team-tourn"]
[EventRounds "9"]
[EventCountry "GER"]
[SourceTitle "EXT 2022"]
[Source "ChessBase"]
[SourceDate "2021.10.06"]
[SourceVersion "1"]
[SourceVersionDate "2021.10.06"]
[SourceQuality "1"]
[WhiteTeam "Torgelow Droegeheide"]
[BlackTeam "Neubrandenburg SG Eintracht"]
[WhiteTeamCountry "GER"]
[BlackTeamCountry "GER"]

1. e4 e5 2. Nf3 Nc6 3. Bb5 a6 4. Ba4 Nf6 5. 0-0 b5 6. Bb3 Be7 7. Re1 0-0 8. d3 d6 9. c3 Na5 10. Bc2 c5 11. Nbd2 Nc6 12. Nf1 Be6 13. Ne3 Nd7 14. d4 cxd4 15. cxd4 exd4 16. Nxd4 Nxd4 17. Qxd4 Qb6 18. Qd1 Bf6 19. Nd5 Bxd5 20. exd5 Ne5 21. Be3 Qb7 22. Bd4 Rae8 23. Re3 Qxd5 24. Bxh7+ Kxh7 25. Qh5+ Kg8 26. Bxe5 Rxe5 27. Rxe5 Qxe5 0-1

[Event "Mecklenburg VP LL2 Ost 1415"]
[Site "Mecklenburg VP"]
[Date "2014.09.21"]
[Round "1.1"]
[White "Dao Xuan, Duong"]
[Black "Stoevesand, Eric"]
[Result "0-1"]
[WhiteElo "1740"]
[BlackElo "1944"]
[PlyCount "68"]
[EventDate "2014.09.21"]
[EventType "team-tourn"]
[EventRounds "9"]
[EventCountry "GER"]
[SourceTitle "EXT 2022"]
[Source "ChessBase"]
[SourceDate "2021.10.06"]
[SourceVersion "1"]
[SourceVersionDate "2021.10.06"]
[SourceQuality "1"]
[WhiteTeam "Neubrandenburg SG Eintracht III"]
[BlackTeam "Neubrandenburg SG Eintracht"]
[WhiteTeamCountry "GER"]
[BlackTeamCountry "GER"]

1. e4 e5 2. Nf3 Nc6 3. Nc3 Nf6 4. d3 Bb4 5. Bd2 d6 6. h3 Be6 7. Be2 Ne7 8. a3 Ba5 9. b4 Bb6 10. Na4 c6 11. Nxb6 axb6 12. c4 h6 13. Qb1 Nd7 14. Bc3 Qc7 15. 0-0 f5 16. Nh4 0-0 17. Qb2 fxe4 18. dxe4 Rf4 19. Nf3 Rxe4 20. Bd3 Rf4 21. Qe2 Raf8 22. Rfe1 Bf5 23. Bxf5 R4xf5 24. Rad1 Ng6 25. Qd3 R5f6 26. Nd2 Nf4 27. Qc2 d5 28. cxd5 cxd5 29. Qb3 Kh8 30. Rc1 Qd6 31. Nf3 Nd3 32. Red1 Nxc1 33. Qxd5 Qxd5 34. Rxd5 Ne2+ 0-1

[Event "Mecklenburg VP LL2 Ost 1314"]
[Site "Mecklenburg VP"]
[Date "2014.02.23"]
[Round "6.4"]
[White "Stoevesand, Eric"]
[Black "Richter, Frank"]
[Result "0-1"]
[WhiteElo "1929"]
[BlackElo "1655"]
[PlyCount "59"]
[EventDate "2013.10.27"]
[EventType "team-tourn"]
[EventRounds "9"]
[EventCountry "GER"]
[SourceTitle "EXT 2022"]
[Source "ChessBase"]
[SourceDate "2021.10.06"]
[SourceVersion "1"]
[SourceVersionDate "2021.10.06"]
[SourceQuality "1"]
[WhiteTeam "Neubrandenburg SG Eintracht"]
[BlackTeam "Waterkant Saal SV"]
[WhiteTeamCountry "GER"]
[BlackTeamCountry "GER"]

1. e4 d6 2. d4 g6 3. Nf3 Bg7 4. c4 Nf6 5. Nc3 0-0 6. Be2 Nbd7 7. 0-0 c5 8. d5 a6 9. a3 Ne8 10. Rb1 Ne5 11. Bf4 Nxf3+ 12. Bxf3 Bd7 13. Qe2 e5 14. dxe6 fxe6 15. Qd2 Rxf4 16. Qxf4 Be5 17. Qd2 Qf6 18. Be2 Bc6 19. Bd3 Qh4 20. g3 Qh3 21. Ne2 Nf6 22. f3 Rf8 23. b4 b5 24. cxb5 axb5 25. bxc5 dxc5 26. Bxb5 Bxb5 27. Rxb5 Ng4 28. Nf4 Rxf4 29. gxf4 Bd4+ 30. Kh1 0-1

[Event "Mecklenburg VP LL2 Ost 1314"]
[Site "Mecklenburg VP"]
[Date "2013.11.24"]
[Round "3.3"]
[White "Wittig, Harry"]
[Black "Stoevesand, Eric"]
[Result "1/2-1/2"]
[WhiteElo "1867"]
[BlackElo "1929"]
[PlyCount "127"]
[EventDate "2013.10.27"]
[EventType "team-tourn"]
[EventRounds "9"]
[EventCountry "GER"]
[SourceTitle "EXT 2022"]
[Source "ChessBase"]
[SourceDate "2021.10.06"]
[SourceVersion "1"]
[SourceVersionDate "2021.10.06"]
[SourceQuality "1"]
[WhiteTeam "Neubrandenburg SG Eintracht"]
[BlackTeam "Waren ESV"]
[WhiteTeamCountry "GER"]
[BlackTeamCountry "GER"]

1. d4 d5 2. Nf3 e6 3. e3 Nf6 4. Bd3 Nbd7 5. Nbd2 Be7 6. 0-0 b6 7. Qe2 Bb7 8. e4 dxe4 9. Nxe4 0-0 10. Rd1 Qc8 11. Bg5 h6 12. Bh4 Nd5 13. Bxe7 Nxe7 14. c4 Ng6 15. Bc2 Nf6 16. Nxf6+ gxf6 17. Rd2 Re8 18. Qe3 Kg7 19. Rad1 c6 20. h4 Qc7 21. g3 c5 22. Be4 cxd4 23. Rxd4 Bxe4 24. Qxe4 Rad8 25. h5 Ne7 26. Qg4+ Kh7 27. Qe4+ Kg7 28. Qg4+ Kh7 29. Rxd8 Rxd8 30. Rxd8 Qxd8 31. Qd4 Qxd4 32. Nxd4 a6 33. b4 e5 34. Nc2 Kg7 35. a4 Kf8 36. Kf1 Ke8 37. Ke2 Kd7 38. g4 Kc6 39. Kd3 a5 40. Kc3 axb4+ 41. Kxb4 f5 42. g5 hxg5 43. h6 f4 44. h7 Ng6 45. Kc3 f5 46. Nb4+ Kc5 47. Nd3+ Kd6 48. c5+ bxc5 49. a5 g4 50. a6 Kc7 51. Nxe5 Nh8 52. Kc4 Kb6 53. Kd5 Kxa6 54. Kxc5 g3 55. fxg3 fxg3 56. Kd5 Kb7 57. Kd4 Kc7 58. Ke3 Kd6 59. Kf4 Ke6 60. Nf3 g2 61. Kg3 Kf6 62. Kxg2 Kg7 63. Nd4 Kxh7 64. Nxf5 1/2-1/2

[Event "Mecklenburg VP LL2 Ost 1314"]
[Site "Mecklenburg VP"]
[Date "2013.11.10"]
[Round "2.3"]
[White "Stoevesand, Eric"]
[Black "Horch, Helmut"]
[Result "1-0"]
[WhiteElo "1929"]
[BlackElo "1697"]
[PlyCount "73"]
[EventDate "2013.10.27"]
[EventType "team-tourn"]
[EventRounds "9"]
[EventCountry "GER"]
[SourceTitle "EXT 2022"]
[Source "ChessBase"]
[SourceDate "2021.10.06"]
[SourceVersion "1"]
[SourceVersionDate "2021.10.06"]
[SourceQuality "1"]
[WhiteTeam "Neubrandenburg SG Eintracht"]
[BlackTeam "Binz Therme Ruegen"]
[WhiteTeamCountry "GER"]
[BlackTeamCountry "GER"]

1. e4 e6 2. d4 d5 3. Nc3 dxe4 4. Nxe4 Nd7 5. Nf3 Ngf6 6. Nxf6+ Nxf6 7. Bd3 Be7 8. Bg5 h6 9. Bxf6 Bxf6 10. Qd2 Qe7 11. 0-0-0 Bd7 12. Be4 c6 13. Ne5 Rd8 14. Qa5 a6 15. f4 Bc8 16. Rd3 0-0 17. Kb1 Rd6 18. Rhd1 Qd8 19. Qc5 Bxe5 20. dxe5 Rxd3 21. Bxd3 Qh4 22. Qe3 Qxh2 23. g4 f5 24. exf6 Rxf6 25. f5 Qh4 26. Qe4 Qg3 27. Bc4 Qc7 28. fxe6 Qe7 29. Rd7 Rf1+ 30. Bxf1 Bxd7 31. exd7 Qxd7 32. Bc4+ Kf8 33. a3 b5 34. Be6 Qe8 35. Qf5+ Ke7 36. Qe5 Kf8 37. Qd6+ 1-0

[Event "Mecklenburg VP VL 1112"]
[Site "Mecklenburg VP"]
[Date "2012.02.26"]
[Round "7.3"]
[White "Naujok, Joerg"]
[Black "Stoevesand, Eric"]
[Result "1/2-1/2"]
[WhiteElo "1927"]
[BlackElo "1902"]
[PlyCount "39"]
[EventDate "2011.10.02"]
[EventType "team-tourn"]
[EventRounds "9"]
[EventCountry "GER"]
[SourceTitle "EXT 2022"]
[Source "ChessBase"]
[SourceDate "2021.10.06"]
[SourceVersion "1"]
[SourceVersionDate "2021.10.06"]
[SourceQuality "1"]
[WhiteTeam "Grevesmuehlen Blau Weiss"]
[BlackTeam "Neubrandenburg SG Eintracht"]
[WhiteTeamCountry "GER"]
[BlackTeamCountry "GER"]

1. d4 d5 2. c4 e6 3. Nc3 Nf6 4. Bg5 Be7 5. Nf3 h6 6. Bh4 0-0 7. e3 b6 8. cxd5 Nxd5 9. Bxe7 Qxe7 10. Bd3 Bb7 11. 0-0 Nd7 12. Rc1 c5 13. e4 Nf4 14. g3 Nxd3 15. Qxd3 Rfd8 16. Rfd1 Nf6 17. Qe2 cxd4 18. Nxd4 Rd7 19. Nb3 Rad8 20. f3 1/2-1/2

[Event "Mecklenburg VP VL 1112"]
[Site "Mecklenburg VP"]
[Date "2011.11.20"]
[Round "3.3"]
[White "Mehrvarz, Saeed"]
[Black "Stoevesand, Eric"]
[Result "1/2-1/2"]
[WhiteElo "1861"]
[BlackElo "1902"]
[PlyCount "114"]
[EventDate "2011.10.02"]
[EventType "team-tourn"]
[EventRounds "9"]
[EventCountry "GER"]
[SourceTitle "EXT 2022"]
[Source "ChessBase"]
[SourceDate "2021.10.06"]
[SourceVersion "1"]
[SourceVersionDate "2021.10.06"]
[SourceQuality "1"]
[WhiteTeam "Greifswald II"]
[BlackTeam "Neubrandenburg SG Eintracht"]
[WhiteTeamCountry "GER"]
[BlackTeamCountry "GER"]

1. e4 e5 2. Nf3 Nc6 3. Bc4 Bc5 4. d3 Nf6 5. Be3 Bb6 6. Nc3 d6 7. h3 Na5 8. Bb3 Nxb3 9. axb3 Bd7 10. Qd2 h6 11. 0-0 c5 12. Kh1 0-0 13. Ng1 Ba5 14. f4 Nh5 15. Nge2 exf4 16. Bxf4 Nxf4 17. Nxf4 Bc6 18. Qf2 Bxc3 19. bxc3 b5 20. Qg3 Qg5 21. Qxg5 hxg5 22. Ne2 a5 23. Ra2 a4 24. bxa4 Rxa4 25. Rb2 Rfa8 26. Kg1 Kf8 27. Ng3 g6 28. Rf6 Ke7 29. e5 Rd8 30. Rb1 Rf4 31. Rxd6 Rxd6 32. exd6+ Kxd6 33. Nf1 g4 34. hxg4 Rxg4 35. Ne3 Rh4 36. c4 b4 37. Kf2 f5 38. Rg1 Ke5 39. Re1 Kd4 40. Nd1 Rh2 41. Ne3 f4 42. Nd5 Bxd5 43. cxd5 Kxd5 44. Kf3 g5 45. Re2 c4 46. dxc4+ Kxc4 47. Kg4 Kc3 48. Rf2 Rh1 49. Kxg5 Rc1 50. Kxf4 Rxc2 51. Rf3+ Kc4 52. g4 b3 53. Rf1 b2 54. Rb1 Kb3 55. g5 Rc1 56. Rxb2+ Kxb2 57. g6 Kc3 1/2-1/2

[Event "GER-ch U16"]
[Site "Oberhof"]
[Date "2011.06.12"]
[Round "2"]
[White "Stoevesand, Eric"]
[Black "Powierski, Emil"]
[Result "1-0"]
[WhiteElo "1864"]
[BlackElo "2000"]
[PlyCount "153"]
[EventDate "2011.06.11"]
[EventType "swiss"]
[EventRounds "9"]
[EventCountry "GER"]
[SourceTitle "CBM 142 Extra"]
[Source "ChessBase"]
[SourceDate "2011.06.27"]
[SourceVersion "1"]
[SourceVersionDate "2011.06.27"]
[SourceQuality "1"]

1. e4 c5 2. Nf3 d6 3. d4 cxd4 4. Nxd4 Nf6 5. Nc3 a6 6. Be3 e5 7. Nb3 Be6 8. f3 Be7 9. Qd2 0-0 10. 0-0-0 Nbd7 11. g4 b5 12. h4 Nb6 13. Qf2 Nfd7 14. Kb1 Qc7 15. g5 b4 16. Nd5 Bxd5 17. exd5 a5 18. h5 a4 19. Nc1 a3 20. b3 Qc3 21. Nd3 Nxd5 22. Bd2 Qc7 23. g6 Bf6 24. Qe1 Rac8 25. Rc1 e4 26. gxh7+ Kh8 27. fxe4 Nc3+ 28. Bxc3 Bxc3 29. Qf2 Bf6 30. Qd2 Nc5 31. Qxb4 Bg5 32. h6 Bxh6 33. Rxh6 gxh6 34. Qxa3 Nxe4 35. Qb2+ Kxh7 36. c4 f5 37. Nf4 Qe7 38. Nd5 Qe5 39. Qc2 Rg8 40. Bd3 Rcf8 41. Rf1 Rg4 42. Qb2 Qxb2+ 43. Kxb2 Rg2+ 44. Bc2 h5 45. Rf3 Kh6 46. Ne3 Rf2 47. Rxf2 Nxf2 48. Nxf5+ Kg5 49. Nxd6 h4 50. Ne4+ Kg4 51. c5 h3 52. c6 h2 53. c7 Nd3+ 54. Bxd3 h1Q 55. c8Q+ Rxc8 56. Nf2+ Kf3 57. Nxh1 Rh8 58. Bc4 Rd8 59. Bb5 Rc8 60. Bc4 Rd8 61. a4 Kg2 62. a5 Kxh1 63. b4 Kg2 64. b5 Kf3 65. b6 Ke4 66. Kc3 Ke5 67. Kb4 Kd6 68. Bb5 Rb8 69. Ba4 Rh8 70. a6 Rb8 71. Ka5 Kc5 72. a7 Ra8 73. Ka6 Rh8 74. b7 Rh4 75. Ka5 Rh5 76. b8Q Kc4+ 77. Qb5+ 1-0

[Event "Mecklenburg VP-ch U16"]
[Site "Malchow"]
[Date "2011.02.08"]
[Round "6.1"]
[White "Ispirjan, Mikael"]
[Black "Stoevesand, Eric"]
[Result "0-1"]
[WhiteElo "1890"]
[BlackElo "1867"]
[PlyCount "76"]
[EventDate "2011.02.05"]
[EventType "swiss"]
[EventRounds "7"]
[EventCountry "GER"]
[SourceTitle "EXT 2022"]
[Source "ChessBase"]
[SourceDate "2021.10.06"]
[SourceVersion "1"]
[SourceVersionDate "2021.10.06"]
[SourceQuality "1"]

1. e4 e5 2. Nf3 Nc6 3. Nc3 Bb4 4. Bb5 Nf6 5. 0-0 0-0 6. d3 d6 7. Bg5 Bxc3 8. bxc3 Bg4 9. h3 Bh5 10. g4 Bg6 11. Nh4 a6 12. Ba4 h6 13. Nxg6 fxg6 14. Bh4 g5 15. Bg3 Ne7 16. h4 gxh4 17. Bxh4 Ng6 18. Bb3+ Kh8 19. Bg3 Qc8 20. f3 c5 21. a4 b5 22. axb5 axb5 23. c4 b4 24. Qd2 Nh7 25. Rxa8 Qxa8 26. Kg2 Nf4+ 27. Kf2 Ng5 28. Ke3 Qa7 29. Bh4 Qe7 30. Ba4 Qf6 31. Qh2 Nfe6 32. Qg2 Qf4+ 33. Ke2 Nd4+ 34. Kd1 Ra8 35. Bg3 Qe3 36. Bf2 Qxf3+ 37. Qxf3 Ngxf3 38. Bxd4 Nxd4 0-1

[Event "Mecklenburg VP-ch U16"]
[Site "Malchow"]
[Date "2011.02.08"]
[Round "7.1"]
[White "Stoevesand, Eric"]
[Black "Stoevesand, Peter"]
[Result "0-1"]
[WhiteElo "1867"]
[BlackElo "1563"]
[PlyCount "74"]
[EventDate "2011.02.05"]
[EventType "swiss"]
[EventRounds "7"]
[EventCountry "GER"]
[SourceTitle "EXT 2022"]
[Source "ChessBase"]
[SourceDate "2021.10.06"]
[SourceVersion "1"]
[SourceVersionDate "2021.10.06"]
[SourceQuality "1"]

1. e4 e5 2. Nf3 Nc6 3. Bb5 a6 4. Ba4 Nf6 5. 0-0 b5 6. Bb3 d6 7. Re1 Be7 8. c3 0-0 9. h3 Na5 10. Bc2 c5 11. d4 Qc7 12. dxe5 dxe5 13. Nbd2 Bb7 14. Nf1 Rfd8 15. Qe2 Nc4 16. b3 Nd6 17. Ng3 a5 18. a3 c4 19. b4 axb4 20. cxb4 Bc6 21. Bb2 Nd7 22. Red1 f6 23. Nf5 Nxf5 24. exf5 Nb6 25. Rxd8+ Rxd8 26. Rd1 Nd5 27. g3 Rd6 28. Nxe5 fxe5 29. Bxe5 Bf6 30. Bxd6 Qxd6 31. Be4 Nc3 32. Rxd6 Nxe2+ 33. Kf1 Bxe4 34. Kxe2 Bb2 35. g4 c3 36. g5 Bxf5 37. g6 hxg6 0-1

[Event "Mecklenburg VP LL2 Ost 0910"]
[Site "Mecklenburg VP"]
[Date "2010.04.11"]
[Round "9.1"]
[White "Stoevesand, Eric"]
[Black "Herde, Dittmar"]
[Result "0-1"]
[WhiteElo "1808"]
[BlackElo "1798"]
[PlyCount "58"]
[EventDate "2009.10.18"]
[EventType "team-tourn"]
[EventRounds "9"]
[EventCountry "GER"]
[SourceTitle "EXT 2016"]
[Source "ChessBase"]
[SourceDate "2015.10.08"]
[SourceVersion "1"]
[SourceVersionDate "2015.10.08"]
[SourceQuality "1"]
[WhiteTeam "Neubrandenburg SG Eintracht II"]
[BlackTeam "Rostock SSC 07 III"]
[WhiteTeamCountry "GER"]
[BlackTeamCountry "GER"]

1. e4 c5 2. Nf3 d6 3. d4 cxd4 4. Nxd4 Nf6 5. Nc3 g6 6. Be3 Bg7 7. Bc4 Nc6 8. f3 Bd7 9. Qd2 Ne5 10. Bb3 Qc8 11. 0-0-0 a5 12. a3 Nc4 13. Bxc4 Qxc4 14. Bg5 Rc8 15. Nde2 Be6 16. Nf4 b5 17. Nxe6 fxe6 18. Qd3 b4 19. Qxc4 Rxc4 20. axb4 axb4 21. Ne2 Kf7 22. Kb1 Rhc8 23. Rd2 Nd7 24. Be3 R4c7 25. h4 Nc5 26. h5 Ra7 27. hxg6+ hxg6 28. Bxc5 Rxc5 29. Rh3 Rca5 0-1

[Event "GER-chT U14"]
[Site "Arendsee"]
[Date "2009.12.30"]
[Round "7.1"]
[White "Titgemeyer, Sven"]
[Black "Stoevesand, Eric"]
[Result "1-0"]
[WhiteElo "1907"]
[BlackElo "1889"]
[PlyCount "105"]
[EventDate "2009.12.27"]
[EventType "team-swiss"]
[EventRounds "7"]
[EventCountry "GER"]
[SourceTitle "EXT 2022"]
[Source "ChessBase"]
[SourceDate "2021.10.06"]
[SourceVersion "1"]
[SourceVersionDate "2021.10.06"]
[SourceQuality "1"]
[WhiteTeam "Aachen SV U14"]
[BlackTeam "Neubrandenburg SG Eintracht U14"]
[WhiteTeamCountry "GER"]
[BlackTeamCountry "GER"]

1. e4 e5 2. Nf3 Nc6 3. Bb5 a6 4. Ba4 Nf6 5. Qe2 Be7 6. 0-0 b5 7. Bb3 d6 8. h3 0-0 9. c3 Na5 10. Bc2 c5 11. Rd1 Qc7 12. d4 cxd4 13. cxd4 Nc6 14. a3 Bd7 15. Nc3 Rac8 16. Bg5 h6 17. dxe5 Nxe5 18. Bxf6 Bxf6 19. Nd4 Nc6 20. Nxc6 Bxc6 21. Bb3 Bxc3 22. bxc3 Rfe8 23. f3 Bb7 24. Qa2 Re7 25. Rac1 Rd7 26. Kh1 Qc5 27. c4 Qg5 28. Rb1 bxc4 29. Bxc4 Qg6 30. Rxb7 Rxb7 31. Bxa6 Rbc7 32. Bxc8 Rxc8 33. a4 Ra8 34. a5 Ra6 35. Rd5 Qe6 36. Qe2 Ra7 37. Qb2 Ra8 38. Qb6 Qf6 39. Rd1 Qd8 40. Rxd6 Qc8 41. Rd1 Qc2 42. Rd8+ Rxd8 43. Qxd8+ Kh7 44. Qd6 Qa2 45. a6 Qa5 46. Kh2 Qa1 47. e5 Qa2 48. Qb6 Qa1 49. a7 Qxe5+ 50. Kh1 Qa1+ 51. Qg1 Qa2 52. Qd4 g6 53. Qc5 1-0